Central Library OPAC University of Rajshahi

Medieval India : (Record no. 25822)

MARC details
000 -LEADER
fixed length control field 00947nam a22002772a 4500
001 - CONTROL NUMBER
control field 25822
003 - CONTROL NUMBER IDENTIFIER
rucl marc code BD-RjUL
005 - DATE AND TIME OF LATEST TRANSACTION
control field 20211209050931.0
008 - FIXED-LENGTH DATA ELEMENTS--GENERAL INFORMATION
fixed length control field 140319t1975 enkj b 000 0 eng d
020 ## - INTERNATIONAL STANDARD BOOK NUMBER
International Standard Book Number 0210405813
035 ## - SYSTEM CONTROL NUMBER
System control number (BD-RjUL)25892
040 ## - CATALOGING SOURCE
Original cataloging agency DLC
Transcribing agency DLC
Modifying agency EQO
-- BD-RjUL
Language of cataloging eng
041 0# - LANGUAGE CODE
Language code of text/sound track or separate title engper
082 04 - DEWEY DECIMAL CLASSIFICATION NUMBER
Classification number 915.4032
Author mark and year ALM 1975
110 2# - MAIN ENTRY--CORPORATE NAME
Corporate name or jurisdiction name as entry element Aligarh Muslim University.
Subordinate unit Department of History.
-- Centre of Advanced Study.
9 (RLIN) 79341
245 10 - TITLE STATEMENT
Title Medieval India :
Remainder of title a miscellany /
Number of part/section of a work Volume-3
260 ## - PUBLICATION, DISTRIBUTION, ETC. (IMPRINT)
Place of publication, distribution, etc. London :
Name of publisher, distributor, etc. Asia Pub. House,
Date of publication, distribution, etc. 1975.
300 ## - PHYSICAL DESCRIPTION
Pagination V-3 (272 p. ):
Illustrations geneal. tables ;
Size 25 cm
500 ## - GENERAL NOTE
General note Includes selections in Persian
504 ## - BIBLIOGRAPHY, ETC. NOTE
Bibliography, etc Includes bibliographical references
580 ## - LINKING ENTRY COMPLEXITY NOTE
Linking entry complexity note Succeeds: Medieval India quarterly
Linking entry complexity note Succeeded by: Medieval India : researches in the history of India, 1200-1750
651 #0 - SUBJECT ADDED ENTRY--GEOGRAPHIC NAME
Geographic name India
General subdivision History
Chronological subdivision 1000-1765.
9 (RLIN) 42556
942 ## - ADDED ENTRY ELEMENTS (KOHA)
Source of classification or shelving scheme Dewey Decimal Classification
Koha item type Books
Holdings
Lost status Source of classification or shelving scheme Damaged status Not for loan Collection code Permanent Location Current Location Shelving location Date acquired Source of acquisition Cost, normal purchase price Total Checkouts Full call number Date last seen Copy number Koha item type
  Dewey Decimal Classification   Added to bundle Non-fiction Central Library, University of Rajshahi Central Library, University of Rajshahi Reading Room 21/04/1976 K.P. Bagehi cal 30.88   915.4032 ALM V-3 1975 19/03/2014 C-1 Books